| 000 | 00653nam a22001935i 4500 | ||
|---|---|---|---|
| 001 | 159329 | ||
| 003 | ES-MaACL | ||
| 005 | 20230906211540.0 | ||
| 008 | 040913s1875 gw |||| | eng d | ||
| 040 |
_aCAM _bspa _cCAM |
||
| 100 | 1 |
_aMelville, George John Whyte. _9129815 |
|
| 245 | 1 | 0 |
_aKaterfelto _b: a story of Exmoor / _cby G.J. Whyte Melville. |
| 260 |
_aLeipzig : _bBernhard Tauchnitz, _c1875. |
||
| 300 |
_a319 p. ; _c16 cm. |
||
| 490 | 1 |
_aCollection of british authors ; _v1469 |
|
| 830 | 0 |
_aCollection of british authors ; _v1469 _9180703 |
|
| 852 |
_aES-MaACL _jG-11803 _z-- Enc. hol. conservando la cub. original |
||
| 999 |
_c159329 _d159329 |
||